| 000 | 00351nam a22001457a 4500 | ||
|---|---|---|---|
| 008 | 210512b ||||| |||| 00| 0 eng d | ||
| 020 | _a9780766812598 | ||
| 041 | _aeng | ||
| 080 | _a82 | ||
| 082 | _a82 | ||
| 100 | _a21 | ||
| 101 | _aGJL | ||
| 245 |
_aGrammar and Writing Skills for the Health Professional _cLorraine Villemaire |
||
| 942 |
_2udc _cBK |
||
| 999 |
_c57296 _d57296 |
||